Health law review

Bibliographic Details
Corporate Author: Health Law Institute
Format: Unknown
Language:English
Published: Edmonton : Health Law Institute
Subjects:
Online Access:Acceso restringido

MARC

LEADER 00000ny a22000003n 4500
005 20110511133943.0
008 080306s cn 000 eng d
022 |a 1188-8725 
035 |a 3007 
040 |a CaOONL  |c CaOONL  |d vLex 
090 |c 1680  |d 1680 
245 0 0 |a Health law review  |h [Recurso electrn̤ico] 
256 |a Servicio en ln̕ea 
260 |a Edmonton :  |b Health Law Institute 
310 |a Cuatrimestral 
506 1 |a Contenido solo disponible en los productos indicados  |d vLex Global  |d vLex Global (Academic Edition, excluding Law Schools)  |d vLex Global (Academic Edition, Law Schools) 
650 0 4 |a Derecho  |z Canad ̀  |x Jurisprudencia  |x Publicaciones perid̤icas 
650 0 4 |a Derecho  |z Canad ̀  |x Legislacin̤  |x Publicaciones perid̤icas 
650 0 4 |a Health 
650 0 4 |a Health & Law 
650 0 4 |a Health and Medicine 
650 0 4 |a Law 
710 2 |a Health Law Institute 
740 |a vLex Revista (Servicios en ln̕ea) 
843 |a Electrn̤ica. Abierta 
853 |8 1  |i (year)  |j (month)  |k (day) 
856 4 0 |u http://vlex.com/source/3007  |z Acceso restringido 
942 |c REV 
999 1 2 |a Legislation  |z Canada  |v Periodicals 
999 1 2 |a Jurisprudence  |z Canada  |v Periodicals